| Tag |
First Indicator |
Second Indicator |
Subfields |
| LEADER |
00000cam a2200000Ka 4500 |
| 001 |
in00003550113 |
| 006 |
m o d |
| 007 |
cr bn||||||abp |
| 007 |
cr bn||||||ada |
| 008 |
111210s1985 nyu ob 001 0 eng d |
| 005 |
20260420214419.1 |
| 019 |
|
|
|a 768310709
|
| 020 |
|
|
|a 9781461325093 (electronic bk.)
|
| 020 |
|
|
|a 1461325099 (electronic bk.)
|
| 020 |
|
|
|z 0306420384
|
| 020 |
|
|
|z 9780306420382
|
| 035 |
|
|
|a (OCoLC)768018074
|z (OCoLC)768310709
|
| 040 |
|
|
|a OCLCE
|b eng
|e pn
|c OCLCE
|d OCLCQ
|d OCLCO
|d OCLCF
|d OCLCQ
|d GW5XE
|d UtOrBLW
|
| 042 |
|
|
|a dlr
|
| 049 |
|
|
|a TXAM
|
| 050 |
|
4 |
|a RC49
|b .L524 1985
|
| 060 |
|
4 |
|a WM 90
|b L764p 1985
|
| 082 |
0 |
4 |
|a 616.08
|2 19
|
| 100 |
1 |
|
|a Lipowski, Z. J.
|q (Zbigniew Jerzy)
|
| 245 |
1 |
0 |
|a Psychosomatic medicine and liaison psychiatry :
|b selected papers /
|c Z.J. Lipowski.
|
| 264 |
|
1 |
|a New York :
|b Plenum Medical Book Co.,
|c [1985]
|
| 264 |
|
4 |
|c ©1985
|
| 300 |
|
|
|a 1 online resource (xvi, 453 pages)
|
| 336 |
|
|
|a text
|b txt
|2 rdacontent
|
| 337 |
|
|
|a computer
|b c
|2 rdamedia
|
| 338 |
|
|
|a online resource
|b cr
|2 rdacarrier
|
| 504 |
|
|
|a Includes bibliographical references and index.
|
| 538 |
|
|
|a Master and use copy. Digital master created according to Benchmark for Faithful Digital Reproductions of Monographs and Serials, Version 1. Digital Library Federation, December 2002.
|u http://purl.oclc.org/DLF/benchrepro0212
|5 MiAaHDL
|
| 583 |
1 |
|
|a digitized
|c 2011
|h HathiTrust Digital Library
|l committed to preserve
|2 pda
|5 MiAaHDL
|
| 588 |
|
|
|a Description based on print version record.
|
| 500 |
|
|
|a Electronic resource.
|
| 650 |
|
0 |
|a Medicine, Psychosomatic.
|
| 650 |
|
0 |
|a Psychiatric consultation.
|
| 650 |
|
2 |
|a Psychiatry
|v Collected Works.
|
| 650 |
|
2 |
|a Psychosomatic Medicine
|v Collected Works.
|
| 650 |
|
2 |
|a Referral and Consultation
|v Collected Works.
|
| 650 |
|
6 |
|a Médecine psychosomatique.
|
| 650 |
|
6 |
|a Consultation psychiatrique.
|
| 650 |
|
7 |
|a Medicine, Psychosomatic.
|2 fast
|0 (OCoLC)fst01015356
|
| 650 |
|
7 |
|a Psychiatric consultation.
|2 fast
|0 (OCoLC)fst01080995
|
| 655 |
|
7 |
|a Electronic books.
|2 local
|
| 710 |
2 |
|
|a SpringerLink (Online service)
|
| 776 |
1 |
8 |
|i Print version:
|a Lipowski, Z.J. (Zbigniew Jerzy).
|t Psychosomatic medicine and liaison psychiatry.
|d New York : Plenum Medical Book Co., ©1985
|w (DLC) 85012474
|w (OCoLC)12751742
|
| 856 |
4 |
0 |
|u http://proxy.library.tamu.edu/login?url=https://link.springer.com/10.1007/978-1-4613-2509-3
|z Connect to the full text of this electronic book
|t 0
|
| 994 |
|
|
|a 92
|b TXA
|
| 999 |
|
|
|a MARS
|
| 999 |
f |
f |
|s cac07be0-1d47-3027-b732-70b4ad536081
|i 45d6f1bf-5ba6-35ca-bc67-943c62d4475d
|t 0
|
| 952 |
f |
f |
|a Texas A&M University
|b College Station
|c Electronic Resources
|s www_evans
|d Available Online
|t 0
|e RC49 .L524 1985
|h Library of Congress classification
|
| 998 |
f |
f |
|a RC49 .L524 1985
|t 0
|l Available Online
|